000 00702nam a2200241 a 4500
001 58721
003 BD-RjUL
005 20211209080642.0
008 161219s1985 ii ||||| |||| 00| 0 eng d
020 _a0803994893
020 _a0803994907
035 _a(BD-RjUL)58845
040 _aBD-RjUL
_beng
_cBD-RjUL
_dBD-RjUL
041 _aeng
082 _223
_a335.43091724
_bMAR 1985
245 _aMarxian theory and the third world /
_cDiptendra Banerjee
260 _aNew Delhi : ,
_bSage Publications,
_cc1985
300 _a325 p. ;
_c23 cm.
650 _a Communism
_vDeveloping countries.
_9174552
650 _aEconomic policy.
_9170308
700 _aBanerjee, Diptendra
_9174553
942 _2ddc
_cBK
999 _c58721
_d58721